000 00356 a2200157 4500
001 75510
020 _a978857412407-0
040 _cAnchieta - Colégio São Paulo
100 _aPennart,Geoffroy
240 1 0 _aChapeuzinho Redondo
_lpor
245 1 0 _aChapeuzinho Redondo
300 _a36
362 0 _a2012
650 4 _aLiteratura infantil
942 _cBK
999 _c75510
_d75510